| 000 | 02377nam1a2200373 4500 | ||
|---|---|---|---|
| 001 | RU\NLR\BIBL_A\012219407 | ||
| 005 | 20260407083112.0 | ||
| 010 |
_a978-5-7995-1055-8 _9100 |
||
| 035 | _a(NLR Aleph) 012219407 | ||
| 090 |
_a10925146 _c10925146 |
||
| 100 | _a20200214d2019 k y0rusy50 ca | ||
| 101 | 0 |
_arus _deng |
|
| 102 | _aRU | ||
| 105 | _a||||z|||||||| | ||
| 181 | 0 |
_ai _baxxe |
|
| 182 | 0 | _an | |
| 200 | 1 |
_aСаморазвивающаяся среда технического вуза: научные исследования и экспериментальные разработки _eматериалы IV Всероссийской научно-практической конференции, 15 мая 2019 г., Тверь _e[в 2 ч.] _fМинобрнауки, Федеральное государственное бюджетное образовательное учреждение высшего образования "Тверской государственный технический университет" (ТвГТУ) _g[под общ. ред. Т.Б. Новиченковой] |
|
| 203 |
_aТекст _bвизуальный _cнепосредственный |
||
| 210 |
_aТверь _cТверской государственный технический университет _d2019 |
||
| 215 | _d21 | ||
| 300 | _aРез. англ. | ||
| 313 | _aПо пред. изд. | ||
| 320 | _aБиблиогр. в конце ст. | ||
| 606 | 1 |
_aТехника _jСъезды, совещания и т.п _91247040 _3RU\NLR\AUTH\66510030 |
|
| 686 | 1 | _aЖ.я431(2)3 | |
| 702 | 1 |
_aНовиченкова _bТ. Б. _gТатьяна Борисовна _4340 |
|
| 711 | 1 | 2 |
_a"Саморазвивающаяся среда технического вуза: научные исследования и экспериментальные разработки", всероссийская научно-практическая конференция _d4 _eТверь _f2019 _9697406 _3RU\NLR\AUTH\880518315 |
| 712 | 0 | 2 |
_4475 _aТверской государственный технический университет _3RU\NLR\AUTH\889303 _9291090 |
| 852 |
_aNLR _b2020-3/3399 |
||
| 942 | _cBOOK | ||
| 980 | _aNB | ||